000
00237nam a2200097Ia 4500
008
240331s9999 xx 000 0 und d
082
_b
HER
100
_a
Herath, R.B
245
0
_a
Sri Lankan ethnic crisis :
_b
towards a resolution
942
_c
L
999
_c
3474
_d
3474